Antique works of art from Benin

Bewaard in:
Bibliografische gegevens
Hoofdauteur: Pitt-Rivers, Augustus (Auteur)
Formaat: Boek
Taal:Engels
Gepubliceerd in: Nueva York Dover 1976
Reeks:Dover Books on Folk and Primitive Art
Onderwerpen:
Tags: Voeg label toe
Geen labels, Wees de eerste die dit record labelt!

MARC

LEADER 00000nam a2200000 a 4500
001 UCT3740
003 CL-VaPUC
008 961024e19760000US |||||||||||||||||eng|d
082 0 4 |a 709.6683  |b PIT  |2 21 
100 0 |a Pitt-Rivers, Augustus  |e author  |9 372753 
245 1 0 |a Antique works of art from Benin 
300 |a 100 p 
942 |c BK 
945 |d 19961024 00:00:00  |a nastorga 
260 |a Nueva York  |b Dover  |c 1976 
650 0 |a Arte primitivo   |9 267985 
650 0 |a Cultura  |9 269059 
650 0 |a Escultura  |9 265737 
650 0 |a Artesanía  |9 353181 
651 0 |a África  |9 256790 
651 7 |a BENIN  |2 CL-VaPUC  |9 372754 
583 |a last modification  |c 19961024 00:00:00  |k Rodrigo Vera 
490 0 |a Dover Books on Folk and Primitive Art 
999 |c 253293  |d 253291 
952 |0 0  |1 0  |4 0  |6 709_668300000000000_PIT_1976  |7 0  |8 A  |9 273968  |a BIBARQ  |b BIBARQ  |d 2019-11-19  |i 3244784  |o 709.6683 PIT 1976  |p 3244784  |r 2025-01-20  |w 2019-11-19  |y BK  |k ARQ 
952 |0 0  |1 0  |4 0  |6 709_668300000000000_PIT_1976  |7 0  |8 A  |9 273969  |a BIBART  |b BIBART  |d 2019-11-19  |i 1204297  |o 709.6683 PIT 1976  |p 1204297  |r 2025-03-13  |w 2019-11-19  |y BK  |k ART